[Event "18. Open de la Constitución 2016"]
[Site "San Sebastian de los Reyes ES"]
[Date "2016.12.03"]
[Round "1.1"]
[White "Guzman Castro, Enrique"]
[Black "Hernando Pertierra, Jose C"]
[Result "0-1"]
[WhiteElo "1742"]
[BlackElo "2362"]
[PlyCount "130"]
[EventDate "2016.12.03"]
[EventType "swiss"]
[EventRounds "9"]
[EventCountry "ESP"]
[SourceTitle "Ajedrez en Madrid"]
[Source "lmi"]
[SourceDate "2016.12.03"]

1. d4 g6 2. Nf3 Nf6 3. Bf4 Bg7 4. e3 O-O 5. Nbd2 d6 6. Be2 c5 7. dxc5 dxc5 8.
c3 Nc6 9. Ne5 Nxe5 10. Bxe5 Qd5 11. Nf3 Be6 12. Qxd5 Bxd5 13. O-O Rfd8 14. Rfd1
Be6 15. c4 Ne4 16. Bxg7 Kxg7 17. h4 Bg4 18. Kf1 Bxf3 19. gxf3 Nd6 20. f4 h5 21.
Bd3 Kf6 22. Ke2 b5 23. b3 bxc4 24. bxc4 Rab8 25. Rab1 a5 26. e4 e5 27. fxe5+
Kxe5 28. Ke3 Ke6 29. f4 Ke7 30. e5 Ne8 31. Rb5 Ng7 32. Rxa5 Nf5+ 33. Ke2 Nxh4
34. Rb5 Ra8 35. Bb1 Rxd1 36. Kxd1 Ng2 37. f5 gxf5 38. Ke2 Nf4+ 39. Kf3 Ne6 40.
Rb7+ Kf8 41. Bxf5 Nd4+ 42. Kf4 Rxa2 43. Kg5 Rf2 44. Be4 Ne6+ 45. Kxh5 Re2 46.
Bd5 Rxe5+ 47. Kg4 Kg7 48. Bxe6 Rxe6 49. Kf5 Rh6 50. Ke4 Rh5 51. Rd7 Rh4+ 52.
Kd3 Rh3+ 53. Ke4 Rc3 54. Rd5 Rxc4+ 55. Kd3 Rd4+ 56. Rxd4 cxd4 57. Kxd4 Kf6 58.
Ke4 Kg5 59. Kf3 Kf5 60. Kf2 Kf4 61. Kg2 Ke3 62. Kg3 f5 63. Kg2 f4 64. Kf1 Kf3
65. Kg1 Ke2 0-1

[Event "18. Open de la Constitución 2016"]
[Site "San Sebastian de los Reyes ES"]
[Date "2016.12.03"]
[Round "1.3"]
[White "Rottenwoerer, Christoph"]
[Black "Perez Gonzalez, Jose Manuel"]
[Result "0-1"]
[WhiteElo "1668"]
[BlackElo "2315"]
[PlyCount "90"]
[EventDate "2016.12.03"]
[EventType "swiss"]
[EventRounds "9"]
[EventCountry "ESP"]
[SourceTitle "Ajedrez en Madrid"]
[Source "lmi"]
[SourceDate "2016.12.03"]

1. Nf3 g6 2. d4 Nf6 3. Bf4 Bg7 4. e3 d6 5. h3 O-O 6. Be2 b6 7. O-O Bb7 8. c3
Nbd7 9. a4 a6 10. Na3 c5 11. Bh2 Rc8 12. Rc1 Rc7 13. Nc2 Qa8 14. Nce1 Ne4 15.
Nd2 Nxd2 16. Qxd2 Bh6 17. Nf3 cxd4 18. cxd4 Rfc8 19. Rxc7 Rxc7 20. Rc1 Qc8 21.
Rxc7 Qxc7 22. Ne1 Nb8 23. b4 Bd5 24. Qb2 Qc8 25. b5 a5 26. Bd3 f5 27. Qc2 Qxc2
28. Bxc2 Nd7 29. Nd3 Kf7 30. h4 Bg7 31. Nc1 e5 32. Bb3 Bxb3 33. Nxb3 Ke6 34.
Kf1 Kd5 35. Ke2 Kc4 36. Nd2+ Kb4 37. Kd3 e4+ 38. Kc2 Kxa4 39. Bxd6 Kxb5 40. Kc3
Nf6 41. Nc4 Nd5+ 42. Kb3 a4+ 43. Ka3 Kxc4 44. Kxa4 Nc3+ 45. Ka3 Nb5+ 0-1

[Event "18. Open de la Constitución 2016"]
[Site "San Sebastian de los Reyes ES"]
[Date "2016.12.03"]
[Round "1.4"]
[White "Martin Duque, Jesus"]
[Black "Hernandez Ramos, Alberto"]
[Result "1-0"]
[WhiteElo "2295"]
[BlackElo "1666"]
[PlyCount "69"]
[EventDate "2016.12.03"]
[EventType "swiss"]
[EventRounds "9"]
[EventCountry "ESP"]
[SourceTitle "Ajedrez en Madrid"]
[Source "lmi"]
[SourceDate "2016.12.03"]

1. e4 e5 2. Nf3 Nc6 3. Bc4 Bc5 4. c3 Nf6 5. d3 O-O 6. O-O d6 7. a4 a5 8. Na3
Bg4 9. Nc2 Re8 10. Ne3 Bh5 11. h3 Qd7 12. g4 Bxe3 13. fxe3 Bg6 14. Nh4 Ne7 15.
Qf3 h6 16. Qg3 Rf8 17. Bd2 c6 18. Nxg6 Nxg6 19. Rf2 d5 20. exd5 cxd5 21. Bb5
Qe7 22. c4 dxc4 23. Bxc4 Rac8 24. b3 b6 25. Raf1 Rc7 26. e4 Kh7 27. h4 h5 28.
Rf5 Nxg4 29. Rxh5+ Nh6 30. Qg5 Qd6 31. Rxh6+ gxh6 32. Qxh6+ Kg8 33. h5 Rc6 34.
Kh1 Rxc4 35. hxg6 1-0

[Event "18. Open de la Constitución 2016"]
[Site "San Sebastian de los Reyes ES"]
[Date "2016.12.03"]
[Round "1.5"]
[White "Llamas Aliste, Alberto"]
[Black "Quevedo Marin, Manuel"]
[Result "0-1"]
[WhiteElo "1663"]
[BlackElo "2267"]
[PlyCount "128"]
[EventDate "2016.12.03"]
[EventType "swiss"]
[EventRounds "9"]
[EventCountry "ESP"]
[SourceTitle "Ajedrez en Madrid"]
[Source "lmi"]
[SourceDate "2016.12.03"]

1. e4 d6 2. d4 Nf6 3. Nc3 g6 4. Nf3 Bg7 5. h3 O-O 6. Be3 c6 7. Bd3 b5 8. e5
dxe5 9. dxe5 Nd5 10. Qd2 Nxe3 11. Qxe3 Na6 12. Ng5 b4 13. Nce4 Bxe5 14. Nxh7
Bxb2 15. Nxf8 Bxa1 16. Nxg6 fxg6 17. Qh6 Bg7 18. Qxg6 Nc7 19. Ng5 Qd5 20. O-O
Be6 21. Re1 Bf7 22. Qh7+ Kf8 23. Qh4 Rd8 24. Nh7+ Kg8 25. Rxe7 Rd7 26. Re3 Qd4
27. Re4 Qa1+ 28. Kh2 Nd5 29. Qg4 Rd8 30. Qg5 Nf6 31. Rxb4 Re8 32. Nxf6+ Qxf6
33. Qxf6 Bxf6 34. Bc4 Bd5 35. Bxd5+ cxd5 36. Rb5 d4 37. Rb7 Rc8 38. Rxa7 Rxc2
39. Kg3 d3 40. Kf3 Bd4 41. Rd7 Rc4 42. g4 d2 43. Ke2 Bc3 44. Rd3 Ba5 45. a3 Rc1
46. Rxd2 Bxd2 47. Kxd2 Ra1 48. a4 Rxa4 49. Ke2 Ra3 50. f3 Ra2+ 51. Ke3 Rh2 52.
Ke4 Rxh3 53. g5 Rh1 54. Kf5 Kf7 55. f4 Ra1 56. Kg4 Ra4 57. Kf5 Ra5+ 58. Kg4 Kg6
59. Kh4 Ra1 60. Kg3 Kf5 61. Kh4 Kxf4 62. Kh5 Rh1+ 63. Kg6 Rg1 64. Kf6 Rxg5 0-1

[Event "18. Open de la Constitución 2016"]
[Site "San Sebastian de los Reyes ES"]
[Date "2016.12.03"]
[Round "1.6"]
[White "Fernandez Lledo, Javier"]
[Black "De Dompablo Fantova, Juan"]
[Result "1-0"]
[WhiteElo "2242"]
[BlackElo "1651"]
[PlyCount "49"]
[EventDate "2016.12.03"]
[EventType "swiss"]
[EventRounds "9"]
[EventCountry "ESP"]
[SourceTitle "Ajedrez en Madrid"]
[Source "lmi"]
[SourceDate "2016.12.03"]

1. e4 g6 2. d4 Bg7 3. Nc3 d6 4. h4 h5 5. Nf3 a6 6. a4 Bg4 7. Bc4 e6 8. Qd3 Bxf3
9. gxf3 Nc6 10. Be3 Qf6 11. O-O-O Qxf3 12. Rhg1 Bh6 13. Qd2 O-O-O 14. d5 Ne5
15. Ba2 Qf6 16. Qd4 Bxe3+ 17. Qxe3 Kb8 18. b4 Qe7 19. b5 a5 20. b6 c5 21. Qd2
Kc8 22. Nb5 Kd7 23. dxe6+ fxe6 24. Qxd6+ Qxd6 25. Rxd6+ 1-0

[Event "18. Open de la Constitución 2016"]
[Site "San Sebastian de los Reyes ES"]
[Date "2016.12.03"]
[Round "1.7"]
[White "Caravantes Camacho, Fernando"]
[Black "Solaesa Navalpotro, Luis Julio"]
[Result "0-1"]
[WhiteElo "1630"]
[BlackElo "2209"]
[PlyCount "46"]
[EventDate "2016.12.03"]
[EventType "swiss"]
[EventRounds "9"]
[EventCountry "ESP"]
[SourceTitle "Ajedrez en Madrid"]
[Source "lmi"]
[SourceDate "2016.12.03"]

1. e4 c6 2. d4 d5 3. e5 Bf5 4. Nf3 e6 5. Be2 Nd7 6. O-O h6 7. c3 Ne7 8. Nbd2 c5
9. Nb3 Nc6 10. Be3 c4 11. Nbd2 b5 12. b4 a5 13. a3 Be7 14. Qc1 O-O 15. Re1 Qb6
16. Nf1 Ra6 17. Ng3 Bg6 18. Qd2 Rfa8 19. Qb2 Qa7 20. Bc1 axb4 21. cxb4 Nxb4 22.
Bd2 Nc2 23. Qxc2 Bxc2 0-1

[Event "18. Open de la Constitución 2016"]
[Site "San Sebastian de los Reyes ES"]
[Date "2016.12.03"]
[Round "1.8"]
[White "Rottenwohrer Suarez, Juan"]
[Black "Doval Mancheno, Pablo"]
[Result "1-0"]
[WhiteElo "2171"]
[BlackElo "1629"]
[PlyCount "57"]
[EventDate "2016.12.03"]
[EventType "swiss"]
[EventRounds "9"]
[EventCountry "ESP"]
[SourceTitle "Ajedrez en Madrid"]
[Source "lmi"]
[SourceDate "2016.12.03"]

1. d4 Nf6 2. c4 e6 3. Nc3 Bb4 4. e3 b6 5. Nge2 Ne4 6. Qc2 Bb7 7. a3 Bxc3+ 8.
Nxc3 Nxc3 9. Qxc3 d6 10. b4 Nd7 11. c5 dxc5 12. dxc5 Qf6 13. Qxf6 Nxf6 14. Bb2
O-O-O 15. f3 bxc5 16. bxc5 Rd5 17. Rc1 Rhd8 18. e4 Rd2 19. Bxf6 gxf6 20. c6
Bxc6 21. Rxc6 Rd1+ 22. Kf2 Kb8 23. Rc2 Rb1 24. Ke2 Ra1 25. Rb2+ Kc8 26. Kf2
Rxa3 27. Be2 a5 28. Rhb1 Kd7 29. Rc1 1-0

[Event "18. Open de la Constitución 2016"]
[Site "San Sebastian de los Reyes ES"]
[Date "2016.12.03"]
[Round "1.9"]
[White "Martinez Miura, Enrique"]
[Black "Lozano Suarez, Luis Miguel"]
[Result "0-1"]
[WhiteElo "1620"]
[BlackElo "2147"]
[PlyCount "128"]
[EventDate "2016.12.03"]
[EventType "swiss"]
[EventRounds "9"]
[EventCountry "ESP"]
[SourceTitle "Ajedrez en Madrid"]
[Source "lmi"]
[SourceDate "2016.12.03"]

1. e4 d5 2. exd5 Qxd5 3. Nc3 Qd8 4. d4 Nf6 5. h3 e6 6. Be3 Be7 7. Nf3 a6 8. Be2
b5 9. a3 Bb7 10. O-O Nd5 11. Nxd5 Bxd5 12. Ne5 Nd7 13. Nxd7 Qxd7 14. Bf3 O-O
15. Bxd5 Qxd5 16. Qe2 Rfd8 17. Rfd1 Rd7 18. Qg4 Rad8 19. Rd3 Bf6 20. Rad1 c6
21. Kh1 a5 22. Bf4 Qe4 23. Qg3 Rxd4 24. Rxd4 Rxd4 25. Rxd4 Qxd4 26. c3 Qd5 27.
Bc7 a4 28. Bb6 Be5 29. f4 Bf6 30. Qe3 h6 31. Qe2 e5 32. fxe5 Bxe5 33. Bg1 g6
34. Bf2 h5 35. Bg1 Qe6 36. Qd2 Qd6 37. Qe2 Qe6 38. Qd2 Bf6 39. Bh2 Kg7 40. Bg1
g5 41. Bd4 Bxd4 42. Qxd4+ Qf6 43. Qd1 Qg6 44. Qd4+ Kh7 45. Kh2 g4 46. hxg4 hxg4
47. Kg3 f5 48. Qd7+ Kh6 49. Qd8 Qe6 50. Qd2+ Kg6 51. Kh4 Qe7+ 52. Kg3 Qe5+ 53.
Kf2 f4 54. Qd3+ Kh6 55. Qd2 Qc5+ 56. Kf1 Qe5 57. Qd7 g3 58. Qxc6+ Kg5 59. Qb6
Qd5 60. Qd4 Qxd4 61. cxd4 Kf5 62. Ke2 Ke4 63. d5 Kxd5 64. Kf3 Ke5 0-1

[Event "18. Open de la Constitución 2016"]
[Site "San Sebastian de los Reyes ES"]
[Date "2016.12.03"]
[Round "1.10"]
[White "Torres Bosch, Jose F"]
[Black "Garcia Lopez, Fernando"]
[Result "1-0"]
[WhiteElo "2142"]
[BlackElo "1608"]
[PlyCount "77"]
[EventDate "2016.12.03"]
[EventType "swiss"]
[EventRounds "9"]
[EventCountry "ESP"]
[SourceTitle "Ajedrez en Madrid"]
[Source "lmi"]
[SourceDate "2016.12.03"]

1. d4 Nf6 2. Nf3 d6 3. c4 c5 4. e3 cxd4 5. exd4 g6 6. Be2 Bg7 7. O-O O-O 8. Re1
Re8 9. Nc3 Bg4 10. h3 Bxf3 11. Bxf3 Nc6 12. Be3 Rc8 13. Qa4 Qa5 14. Bxc6 Qxa4
15. Bxa4 Red8 16. Bb3 Nd7 17. Bg5 Bf6 18. Bxf6 exf6 19. Re7 Kf8 20. Rae1 Ne5
21. Rxb7 Nc6 22. d5 Ne5 23. Rxa7 Re8 24. Re2 Nxc4 25. Rxe8+ Kxe8 26. Bxc4 Rxc4
27. Kf1 Rb4 28. b3 f5 29. Ke2 Rb8 30. Kd3 Rd8 31. Nb5 h6 32. a4 Kf8 33. a5 Rb8
34. Kc4 Rc8+ 35. Nc7 Ke7 36. b4 Kd7 37. b5 Rxc7+ 38. Rxc7+ Kxc7 39. b6+ 1-0

[Event "18. Open de la Constitución 2016"]
[Site "San Sebastian de los Reyes ES"]
[Date "2016.12.03"]
[Round "1.11"]
[White "Alfaya Martinez, Enrique"]
[Black "Alfaya Marcelo, Roberto"]
[Result "0-1"]
[WhiteElo "1584"]
[BlackElo "2114"]
[PlyCount "96"]
[EventDate "2016.12.03"]
[EventType "swiss"]
[EventRounds "9"]
[EventCountry "ESP"]
[SourceTitle "Ajedrez en Madrid"]
[Source "lmi"]
[SourceDate "2016.12.03"]

1. d4 c5 2. d5 Nf6 3. c4 b5 4. cxb5 a6 5. bxa6 g6 6. Nf3 Bxa6 7. Nc3 d6 8. e4
Bxf1 9. Kxf1 Nbd7 10. g3 Bg7 11. Kg2 O-O 12. Re1 Ra6 13. Bf4 Qa8 14. Qd2 Ng4
15. h3 Nge5 16. Nxe5 Nxe5 17. Bh6 Nc4 18. Qc1 Bxh6 19. Qxh6 Nxb2 20. Re3 Nc4
21. Rf3 Ra3 22. Rc1 Qa5 23. Rc2 f6 24. Qc1 Rb8 25. Nb1 Rxf3 26. Kxf3 Ne5+ 27.
Kg2 Qb4 28. Nc3 Nc4 29. a4 Na5 30. f3 Qd4 31. Rb2 Rb4 32. Rxb4 Qxb4 33. Qc2 Nc4
34. Na2 Ne3+ 35. Kf2 Nxc2 36. Nxb4 Nxb4 37. Ke3 Kf7 38. f4 Ke8 39. g4 Kd7 40.
h4 h5 41. Kf3 hxg4+ 42. Kxg4 c4 43. Kf3 c3 44. Ke2 e5 45. f5 gxf5 46. a5 fxe4
47. h5 Ke7 48. Ke3 f5 0-1

[Event "18. Open de la Constitución 2016"]
[Site "San Sebastian de los Reyes ES"]
[Date "2016.12.03"]
[Round "1.12"]
[White "Bustos Serrano, Doroteo"]
[Black "Pareja Cerrato, Antonio"]
[Result "1-0"]
[WhiteElo "2035"]
[BlackElo "1549"]
[PlyCount "55"]
[EventDate "2016.12.03"]
[EventType "swiss"]
[EventRounds "9"]
[EventCountry "ESP"]
[SourceTitle "Ajedrez en Madrid"]
[Source "lmi"]
[SourceDate "2016.12.03"]

1. Nc3 e5 2. Nf3 d6 3. e4 Nf6 4. d4 exd4 5. Qxd4 Nc6 6. Bb5 Be7 7. O-O O-O 8.
Bxc6 bxc6 9. Bg5 c5 10. Qd2 Be6 11. Rad1 Bg4 12. Qf4 Qc8 13. h3 Bxh3 14. gxh3
Qxh3 15. Qg3 Qh5 16. Nd5 Nxd5 17. Rxd5 Bxg5 18. Rxg5 Qh6 19. Kg2 Qf6 20. Rh1 g6
21. Rgh5 Qg7 22. Rh6 Rfe8 23. Ng5 Qe5 24. Rxh7 Qxb2 25. c3 Qxa2 26. Qf3 f5 27.
exf5 Re5 28. Qxa8+ 1-0

[Event "18. Open de la Constitución 2016"]
[Site "San Sebastian de los Reyes ES"]
[Date "2016.12.03"]
[Round "1.13"]
[White "Ojosnegros Martin, Angel"]
[Black "Marcos Herrero, Francisco"]
[Result "0-1"]
[WhiteElo "1547"]
[BlackElo "1996"]
[PlyCount "120"]
[EventDate "2016.12.03"]
[EventType "swiss"]
[EventRounds "9"]
[EventCountry "ESP"]
[SourceTitle "Ajedrez en Madrid"]
[Source "lmi"]
[SourceDate "2016.12.03"]

1. e4 c5 2. Nf3 g6 3. d4 cxd4 4. Nxd4 Nf6 5. Nc3 Nc6 6. Nde2 Bg7 7. g3 O-O 8.
Bg2 d6 9. O-O Bd7 10. Re1 Rc8 11. Nd5 Ne5 12. Nxf6+ Bxf6 13. Rb1 Bg4 14. Bh6
Re8 15. c3 Qa5 16. a3 Qa6 17. h3 Nf3+ 18. Bxf3 Bxf3 19. Qc2 d5 20. exd5 Bxd5
21. Nf4 Bf3 22. Qd3 Qxd3 23. Nxd3 Bd5 24. h4 b6 25. Re3 e6 26. Rbe1 Be7 27. Bf4
Kg7 28. Nb4 Bb3 29. Kh2 f6 30. g4 Bc5 31. Rf3 a5 32. Na6 Bd5 33. Rh3 Bxf2 34.
Re2 e5 35. Bd2 Bxh4 36. Rxh4 Bc4 37. Bh6+ Kf7 38. Rd2 Bxa6 39. Be3 Red8 40.
Rxh7+ Ke6 41. Rxd8 Rxd8 42. Bxb6 Rd2+ 43. Kg3 a4 44. Bc5 Rxb2 45. Bb4 Rb1 46.
Kf3 Rf1+ 47. Kg2 Rf4 48. Kg3 Kd5 49. Rd7+ Kc4 50. Rd6 Bb5 51. Rb6 Bd7 52. Ra6
Rxg4+ 53. Kh2 f5 54. Rd6 Bb5 55. Kh3 e4 56. Rd4+ Kb3 57. Rd5 Bf1+ 58. Kh2 e3
59. Re5 e2 60. Re3 f4 0-1

[Event "18. Open de la Constitución 2016"]
[Site "San Sebastian de los Reyes ES"]
[Date "2016.12.03"]
[Round "1.14"]
[White "Hernandez Ramos, David"]
[Black "Vazquez Rodriguez, Francisco"]
[Result "1-0"]
[WhiteElo "1979"]
[BlackElo "1529"]
[PlyCount "99"]
[EventDate "2016.12.03"]
[EventType "swiss"]
[EventRounds "9"]
[EventCountry "ESP"]
[SourceTitle "Ajedrez en Madrid"]
[Source "lmi"]
[SourceDate "2016.12.03"]

1. d4 d5 2. c4 e6 3. Nc3 Nf6 4. Bg5 c6 5. cxd5 cxd5 6. Nf3 Nbd7 7. g3 Be7 8.
Bg2 O-O 9. O-O Ne8 10. Bxe7 Qxe7 11. Qd2 Nef6 12. Rfc1 b6 13. a3 Bb7 14. b4
Rac8 15. e3 Rfd8 16. Rc2 Nf8 17. Rac1 Ng6 18. Bf1 h6 19. Bd3 Nf8 20. Qe2 N8h7
21. h4 Nf8 22. Nb5 Ne8 23. Nxa7 Rxc2 24. Rxc2 Ra8 25. Nb5 Rc8 26. Rxc8 Bxc8 27.
Qc2 Bb7 28. Ne5 Kh8 29. Qc3 Kg8 30. a4 Qd8 31. a5 bxa5 32. bxa5 Qc8 33. Qxc8
Bxc8 34. Kf1 Ba6 35. Ke2 Nh7 36. Nd7 Nf8 37. Nc5 Bxb5 38. Bxb5 Nc7 39. Bd3 Ng6
40. Kd2 Kf8 41. Bxg6 fxg6 42. a6 Ke7 43. a7 Na8 44. f3 Kd6 45. Kd3 Nb6 46. e4
Na8 47. e5+ Ke7 48. Kc3 Nc7 49. Kb4 Kf7 50. Ka5 1-0

[Event "18. Open de la Constitución 2016"]
[Site "San Sebastian de los Reyes ES"]
[Date "2016.12.03"]
[Round "1.15"]
[White "Braziunaite, Rasa"]
[Black "Perez Ordonez, Jose Ramon"]
[Result "1-0"]
[WhiteElo "1507"]
[BlackElo "1971"]
[PlyCount "129"]
[EventDate "2016.12.03"]
[EventType "swiss"]
[EventRounds "9"]
[EventCountry "ESP"]
[SourceTitle "Ajedrez en Madrid"]
[Source "lmi"]
[SourceDate "2016.12.03"]

1. b3 Nf6 2. Bb2 d6 3. Bxf6 gxf6 4. c4 e5 5. e3 c6 6. Nc3 d5 7. cxd5 cxd5 8.
Bb5+ Nc6 9. Nf3 Be6 10. O-O Bg7 11. Na4 Qe7 12. Rc1 Rc8 13. Nc5 O-O 14. Bxc6
Rxc6 15. Nxe6 fxe6 16. Rxc6 bxc6 17. Qc2 e4 18. Nd4 c5 19. Nc6 Qd6 20. Na5 Rf7
21. Rc1 Bf8 22. b4 Qb6 23. Nb3 Qxb4 24. Qc3 Qb6 25. Qa5 f5 26. Qa4 e5 27. Qe8
c4 28. Na1 Qb2 29. Rd1 f4 30. Qe6 fxe3 31. fxe3 c3 32. Rf1 Qb7 33. dxc3 Qd7 34.
Qxf7+ Qxf7 35. Rxf7 Kxf7 36. Nb3 Ke6 37. Kf2 Kd6 38. Nd2 Kc5 39. g4 Be7 40. Kg3
Bg5 41. Kf2 Bh4+ 42. Ke2 Be7 43. Kd1 a5 44. a4 Bd8 45. Kc2 d4 46. Nxe4+ Kd5 47.
Kd3 dxe3 48. c4+ Ke6 49. Kxe3 Bb6+ 50. Kd3 Bd8 51. Ke3 h6 52. Kf3 Bh4 53. h3
Be7 54. Kg3 Kd7 55. h4 Ke6 56. h5 Bf8 57. Kf3 Ba3 58. c5 Bc1 59. c6 Ba3 60. g5
hxg5 61. h6 Bf8 62. h7 Bg7 63. Kg4 Bh8 64. Kxg5 Ke7 65. Kg6 1-0

[Event "18. Open de la Constitución 2016"]
[Site "San Sebastian de los Reyes ES"]
[Date "2016.12.03"]
[Round "1.17"]
[White "Osuna Osuna, Francisco"]
[Black "Vazquez Gonzalez, Jesus"]
[Result "0-1"]
[WhiteElo "1441"]
[BlackElo "1966"]
[PlyCount "70"]
[EventDate "2016.12.03"]
[EventType "swiss"]
[EventRounds "9"]
[EventCountry "ESP"]
[SourceTitle "Ajedrez en Madrid"]
[Source "lmi"]
[SourceDate "2016.12.03"]

1. e4 g6 2. d4 Bg7 3. Nf3 c5 4. Be3 Nf6 5. Nbd2 cxd4 6. Bxd4 Nc6 7. Bc3 d6 8.
e5 Nd5 9. exd6 Nxc3 10. bxc3 Bxc3 11. Rb1 Qxd6 12. Bc4 Bg4 13. Be2 O-O-O 14.
O-O Bxd2 15. Nxd2 Bxe2 16. Qxe2 Qxd2 17. Qb5 Qd7 18. h3 Qc7 19. Rb2 Rd7 20.
Rfb1 Rhd8 21. g3 Qe5 22. Qb3 Nd4 23. Qxf7 Ne2+ 24. Kg2 Nc3 25. Qc4+ Qc7 26.
Qxc7+ Rxc7 27. Re1 Rd2 28. Rb4 Rxc2 29. Rh4 h5 30. Re6 Rxa2 31. Rxg6 Rc5 32.
Rg8+ Kc7 33. Rd4 Nd5 34. g4 hxg4 35. Rgxg4 Ne3+ 0-1

[Event "18. Open de la Constitución 2016"]
[Site "San Sebastian de los Reyes ES"]
[Date "2016.12.03"]
[Round "1.18"]
[White "Bombin Pinera, Dionisio"]
[Black "Medina Balenciaga, Patricio"]
[Result "1-0"]
[WhiteElo "1956"]
[BlackElo "1416"]
[PlyCount "83"]
[EventDate "2016.12.03"]
[EventType "swiss"]
[EventRounds "9"]
[EventCountry "ESP"]
[SourceTitle "Ajedrez en Madrid"]
[Source "lmi"]
[SourceDate "2016.12.03"]

1. Nf3 Nc6 2. d4 d5 3. g3 Bg4 4. Bg2 Qd7 5. O-O Bh3 6. Bf4 f6 7. Bxh3 Qxh3 8.
c4 dxc4 9. Qa4 Qd7 10. Nc3 e6 11. Qxc4 Bd6 12. d5 exd5 13. Nxd5 Nge7 14. Rfd1
Na5 15. Qc3 Nxd5 16. Rxd5 Nc6 17. Rad1 O-O 18. Bxd6 cxd6 19. Rxd6 Qe7 20. Qc4+
Kh8 21. Rd7 Qe8 22. Qb5 Qc8 23. Qxb7 Nd8 24. Qxc8 Rxc8 25. Rxa7 Nc6 26. Rb7 Nd8
27. Rbd7 h6 28. Nh4 Ne6 29. Ng6+ Kh7 30. Nxf8+ Rxf8 31. Re7 Nc5 32. b4 Na4 33.
Rdd7 Rg8 34. Ra7 Nc3 35. a4 Nd5 36. Reb7 Kg6 37. b5 Nc3 38. e3 Kh5 39. Rxg7 Rd8
40. Kg2 Rd2 41. Kh3 Ne4 42. g4# 1-0

[Event "18. Open de la Constitución 2016"]
[Site "San Sebastian de los Reyes ES"]
[Date "2016.12.03"]
[Round "1.19"]
[White "Enriquez Pastor, Jorge"]
[Black "Ruiz Quevedo, Andres"]
[Result "0-1"]
[WhiteElo "1415"]
[BlackElo "1953"]
[PlyCount "100"]
[EventDate "2016.12.03"]
[EventType "swiss"]
[EventRounds "9"]
[EventCountry "ESP"]
[SourceTitle "Ajedrez en Madrid"]
[Source "lmi"]
[SourceDate "2016.12.03"]

1. e4 c5 2. Nf3 d6 3. d4 cxd4 4. Nxd4 Nf6 5. Nc3 a6 6. f3 e5 7. Nb3 Be6 8. Nd5
Nbd7 9. Bg5 Bxd5 10. exd5 Be7 11. Bxf6 Bxf6 12. Qd3 Bg5 13. g3 O-O 14. h4 Bh6
15. g4 Bf4 16. h5 e4 17. fxe4 Ne5 18. Qh3 Qg5 19. Be2 Rac8 20. c3 Nc4 21. Bxc4
Rxc4 22. Qf3 Re8 23. Nd4 Bd2+ 24. Kf1 Be3 25. Rd1 Bxd4 26. Rxd4 Rxd4 27. cxd4
Qc1+ 28. Kg2 Qxb2+ 29. Kg3 Qxd4 30. Re1 Rc8 31. Qf5 Rf8 32. Rf1 h6 33. Rf3 Qc4
34. Rf2 Qc7 35. g5 hxg5 36. Qxg5 Qd8 37. Qf4 Qe7 38. Qf5 Re8 39. Re2 Qe5+ 40.
Qxe5 Rxe5 41. Kg4 f5+ 42. Kf4 Rxe4+ 43. Rxe4 fxe4 44. Kxe4 Kf7 45. Kf5 b6 46.
Ke4 Kf6 47. Kf4 b5 48. a3 a5 49. Ke4 Kg5 50. h6 gxh6 0-1

[Event "18. Open de la Constitución 2016"]
[Site "San Sebastian de los Reyes ES"]
[Date "2016.12.03"]
[Round "1.20"]
[White "Quintero Torres, Pedro"]
[Black "Rial Rodriguez, Marta"]
[Result "1-0"]
[WhiteElo "1932"]
[BlackElo "1412"]
[PlyCount "79"]
[EventDate "2016.12.03"]
[EventType "swiss"]
[EventRounds "9"]
[EventCountry "ESP"]
[SourceTitle "Ajedrez en Madrid"]
[Source "lmi"]
[SourceDate "2016.12.03"]

1. e4 d5 2. exd5 Nf6 3. Nc3 Nxd5 4. Bc4 Nxc3 5. bxc3 Nc6 6. d4 e6 7. Nf3 Be7 8.
O-O O-O 9. Bf4 b6 10. Qe2 Bb7 11. Rfe1 Re8 12. Rad1 Bf6 13. Ne5 Qe7 14. Bd3 g6
15. Be4 Na5 16. Bxb7 Nxb7 17. Qf3 Nd6 18. h3 a5 19. Bc1 Bxe5 20. Rxe5 Nc4 21.
Re2 Qd8 22. Qc6 Nd6 23. c4 Qc8 24. c5 Qb7 25. Qxb7 Nxb7 26. cxb6 cxb6 27. Be3
Rad8 28. Rb1 Rd6 29. c4 Re7 30. Reb2 Nd8 31. Rxb6 Rdd7 32. Bg5 Re8 33. Bf6 Rc7
34. Rb8 Rd7 35. c5 Rf8 36. R1b6 Rd5 37. c6 Rd6 38. Rxd8 Rfxd8 39. Bxd8 Rxd8 40.
c7 1-0

[Event "18. Open de la Constitución 2016"]
[Site "San Sebastian de los Reyes ES"]
[Date "2016.12.03"]
[Round "1.21"]
[White "Llamas Martinez, Pablo"]
[Black "Gueler Berdasco, Martin"]
[Result "0-1"]
[WhiteElo "1411"]
[BlackElo "1929"]
[PlyCount "48"]
[EventDate "2016.12.03"]
[EventType "swiss"]
[EventRounds "9"]
[EventCountry "ESP"]
[SourceTitle "Ajedrez en Madrid"]
[Source "lmi"]
[SourceDate "2016.12.03"]

1. e4 c5 2. d4 cxd4 3. c3 dxc3 4. Nxc3 d6 5. Bc4 e6 6. Nf3 Be7 7. O-O Nf6 8.
Be3 O-O 9. Qc2 a6 10. Rfd1 b5 11. Bb3 Nbd7 12. e5 dxe5 13. Nxe5 Qc7 14. Nxd7
Bxd7 15. Rac1 Ng4 16. h3 Qh2+ 17. Kf1 Nxe3+ 18. fxe3 Bc6 19. a3 Qh1+ 20. Ke2
Qxg2+ 21. Kd3 Rfd8+ 22. Nd5 Qg6+ 23. e4 Bxd5 24. Bxd5 Rxd5+ 0-1

[Event "18. Open de la Constitución 2016"]
[Site "San Sebastian de los Reyes ES"]
[Date "2016.12.03"]
[Round "1.22"]
[White "Anton Quevedo, Andrea"]
[Black "Lozano Hernanz, Rodrigo"]
[Result "1-0"]
[WhiteElo "1907"]
[BlackElo "1379"]
[PlyCount "63"]
[EventDate "2016.12.03"]
[EventType "swiss"]
[EventRounds "9"]
[EventCountry "ESP"]
[SourceTitle "Ajedrez en Madrid"]
[Source "lmi"]
[SourceDate "2016.12.03"]

1. e4 e5 2. Nf3 Nc6 3. Bc4 Nf6 4. Ng5 d5 5. exd5 Na5 6. Bb5+ c6 7. dxc6 bxc6 8.
Be2 h6 9. Nf3 e4 10. Ne5 Qd5 11. d4 exd3 12. Nxd3 Qxg2 13. Bf3 Qh3 14. Bd2 Qe6+
15. Qe2 Qxe2+ 16. Kxe2 Nb7 17. Bxc6+ Kd8 18. Nc3 Rb8 19. Rad1 Kc7 20. Bf3 Bd6
21. Nb5+ Kd7 22. c4 a6 23. Nxd6 Nxd6 24. Bf4 Re8+ 25. Kf1 Nfe4 26. Bxe4 Rxe4
27. Nc5+ Kc6 28. Nxe4 Nxe4 29. Bxb8 Bb7 30. Rg1 g6 31. b4 Nc3 32. Rd6# 1-0

[Event "18. Open de la Constitución 2016"]
[Site "San Sebastian de los Reyes ES"]
[Date "2016.12.03"]
[Round "1.23"]
[White "Gonzalez Morente, Jose A"]
[Black "Lozano Freras, Sergio"]
[Result "0-1"]
[WhiteElo "1368"]
[BlackElo "1904"]
[PlyCount "54"]
[EventDate "2016.12.03"]
[EventType "swiss"]
[EventRounds "9"]
[EventCountry "ESP"]
[SourceTitle "Ajedrez en Madrid"]
[Source "lmi"]
[SourceDate "2016.12.03"]

1. d4 Nf6 2. c4 c5 3. d5 b5 4. b3 g6 5. Bb2 Bg7 6. Nf3 O-O 7. e4 Nxe4 8. Bxg7
Kxg7 9. Bd3 Qa5+ 10. Nbd2 Nxd2 11. Nxd2 Qc3 12. Be2 bxc4 13. bxc4 d6 14. O-O
Bf5 15. Re1 Qc2 16. Qxc2 Bxc2 17. Rac1 Ba4 18. Rb1 Nd7 19. Rb7 Rfb8 20. Reb1
Kf8 21. Ne4 Bc2 22. Rxb8+ Nxb8 23. Rxb8+ Rxb8 24. Nc3 Rb2 25. h4 Bb1 26. Nxb1
Rxb1+ 27. Bf1 Ra1 0-1